000 05118nam a2200517 a 4500
001 000116264
003 CHAP
005 20240808173827.0
007 ta
008 191016s2019 mx ado frm |||1|||spa d
010 _a112725
011 _a113697
040 _cCHAP
_amxchpua
_erda
041 0 _aspa
_beng
090 _aTesis
_bG88
_c2019
100 1 _aGutiérrez Calleja, Francisco Javier
245 1 0 _aAnálisis de vibraciones y detecciones de fallas mecánicas en ventiladores centrífugos de calderas mediante el colector de datos DLI DCX 3.40 /
_cFrancisco Javier Gutíerrez Calleja
264 _aChapingo, México :
_bEl autor,
_c2019
300 _axi, 82 hojas :
_bilustraciones, gráficas, fotografías +
_e1 CD-ROM
336 _2rdacontent
_atexto
_btxt
337 _2rdamedia
_ano mediado
_bn
338 _2rdacarrier
_avolumen
_bnc
502 _aMemoria de Experiencia Profesional
_b(Ingeniero Agroindustrial) --
_cUACh. Departamento de Ingeniería Agroindustrial,
_d2019
504 _aBibliografía: hoja 82
520 3 _aDescripción de cómo se realiza, actualmente en la industria, un análisis de vibraciones para prever fallas en los ventiladores centrífugos que alimentan los hogares de las calderas de un ingenio azucarero. Los análisis de vibraciones se realizan utilizando un colector de datos de vibración DLI DCX 3.40. El documento contiene una revisión somera de la teoría de vibraciones mecánicas y una descripción detallada de los principios físicos de funcionamiento del instrumento. Puesto que el análisis de vibraciones es una parte importante del mantenimiento en el ingenio azucarero, consideramos como contribución principal de esta tesis la integración en un solo documento de los principios teórico-prácticos que rigen la práctica moderna en materia de mantenimiento de equipo rotatorio y, particularmente, de ventiladores centrífugos. El principio básico del mantenimiento predictivo basado en el registro y análisis de las vibraciones mecánicas se sustenta sobre dos premisas: 1. La vibración es inevitable y 2. Los patrones del movimiento vibratorio de un mismo componente varían a lo largo de su vida útil. En otras palabras, el registro y monitoreo de los datos de vibración puede servir, y de hecho así es, para la detección oportuna de fallas en los elementos de la máquina. Las ventajas de la detección oportuna de fallas repercuten en la economía y en la productividad del proceso ya que elimina las pérdidas que resultan de paros no programados de la maquinaria y, también, suprime los problemas de calidad, como los malos acabados, que pueden inducirse por variación excesiva de los parámetros del movimiento vibratorio.
520 3 _aDescription of how a vibration analysis is currently carried out in the industry to predict failures in the centrifugal fans that feed the homes of the boilers of a sugar mill. The vibration analyzes are performed using a DLI DCX 3.40 vibration data collector. The document contains a brief review of the theory of mechanical vibrations and a detailed description of the physical principles of operation of the instrument. Since the analysis of vibrations is an important part of the maintenance in the sugar mill, we consider as the main contribution of this thesis the integration in a single document of the theoretical-practical principles that govern the modern practice in the matter of maintenance of rotating equipment and, particularly, centrifugal fans. The basic principle of predictive maintenance based on the recording and analysis of mechanical vibrations is based on two premises: 1. Vibration is inevitable and 2. Patterns of vibratory movement of the same component vary throughout its useful life. In other words, the recording and monitoring of the vibration data can serve, and indeed it is, for the timely detection of faults in the elements of the machine. The advantages of the timely detection of faults have an impact on the economy and on the productivity of the process, since it eliminates the losses that result from unscheduled shutdowns of the machinery and also eliminates quality problems, such as bad finishing, which can be induced by excessive variation of the parameters of the vibratory movement.
590 _aE11695DGD
_b10
_c20191017
590 _aE6339RRR
_b05
_c20191016
590 _aE6339RRR
_b05
_c20191016
650 1 4 _aIngeniería mecánica
_xMaquinaria
650 1 3 _aVentiladores (maquinaria)
_xMantenimiento y reparación
_2atg
650 1 3 _aVibración
_xCalderas
_2atg
650 1 3 _aProgramas de computadores
_xDCX
_2atg
650 1 3 _aFans (equipment)
_xMaintenance and repair
_2atg
650 1 3 _aVibration
_xBoilers
_2atg
650 1 3 _aComputer software
_xDCX
_2atg
700 1 _aLópez Bautista, Vicente
_edirector
700 1 _aAscencio Rivera, J. Rogelio
_easesor
700 1 _aPérez Barrón, Juan
_easesor
856 4 1 _uhttp://10.13.5.2/tesis/sist116264.pdf
_yDESCARGAR PDF
901 _aTesis G88 2019
942 _cTESIS
_2Clasificación Universidad Autónoma Chapingo
999 _c112725
_d112725